Famous Colonels Quiz Stats

 Plays Quiz not verified by Sporcle

Support Sporcle.
Go Orange.
Score 0/15 Timer 05:00
0 Plays Today
% Correct
Sanders
87.7%
The Colonel
83.8%
Meow
83.1%
Quaritch
82.3%
Gaddafi
80.9%
Reb
80.8%
Mustard
80.8%
Vogel
76.9%
% Correct
Mortimer
76.3%
Kilgore
75.1%
Klink
74.2%
Cortez
72.3%
Mustafa
71.5%
Blimp
70.5%
Kurtz
55.2%

You're not logged in!

Compare scores with friends on all Sporcle quizzes.
OR
Log In

From the Vault

Women in Glasses

by sproutcm

We don't believe all these celebrities are actually near-sighted.
Remove Ads.
Support Sporcle.
Get the best of Sporcle when you Go Orange. This ad-free experience offers more features, more stats, and more fun while also helping to support Sporcle. Thank you for becoming a member.

Show Comments

Extras

Top Quizzes Today


Score Distribution

Your Account Isn't Verified!

In order to create a playlist on Sporcle, you need to verify the email address you used during registration. Go to your Sporcle Settings to finish the process.

Report this User

Report this user for behavior that violates our Community Guidelines.

Details: